000 00463nam a2200169Ia 4500
999 _c19525
_d19525
003 OSt
005 20200624121937.0
008 190216s9999||||xx |||||||||||||| ||und||
020 _a333903935
040 _coclc
082 _a954.029
_bKAI/D
100 _a Kail, Owen C
_93180
245 4 _aThe Dutch In India /
_cOwen C Kail
260 _bMacmillan,
_c1981.
_aDelhi:
300 _a235p
942 _cBK
_2ddc
_h954.029
_iKAI/D
_k954.029
_mKAI/D